| 000 | 02327cam a22003974a 4500 | ||
|---|---|---|---|
| 999 |
_c27113 _d27113 |
||
| 001 | 13929547 | ||
| 003 | OSt | ||
| 005 | 20170207121749.0 | ||
| 008 | 050414s2006 njua b 001 0 eng | ||
| 010 | _a 2005010712 | ||
| 015 |
_aGBA588286 _2bnb |
||
| 016 | 7 |
_a013315612 _2Uk |
|
| 020 | _a9780471684381 | ||
| 020 | _a0471684384 (cloth : acidfree paper) | ||
| 035 | _a(OCoLC)ocm59817866 | ||
| 040 |
_aDLC _cDLC _dYDX _dBAKER _dUKM _dDLC |
||
| 042 | _apcc | ||
| 050 | 0 | 0 | _aNA6821 .H227 2006 |
| 082 | 0 | 0 |
_a725/.83 _222 |
| 100 | 1 |
_aHardy, Hugh, _d2006- |
|
| 245 | 1 | 0 |
_aBuilding type basics for performing arts facilities / _cHugh Hardy ; with chapters by Auerbach Pollock Friedlander ... [et al.]. |
| 246 | 3 | 0 | _aPerforming arts facilities |
| 260 |
_aHoboken, N.J. : _bJohn Wiley & Sons, _c2006. |
||
| 300 |
_axi, 195 p., [16] p. of plates : _bill. (some col.) ; _c25 cm. |
||
| 440 | 0 | _aBuilding type basics series | |
| 500 | _aIncludes bibliographical references (p. 177-181) and index. | ||
| 505 | 0 | _aPreface -- Acknowledgments -- Foreword -- Planning the theater -- A place designed for performance -- An auditorium and stage design guide -- Stage design : technology and flexibility -- Backstage planning -- Incorporating building codes -- Principles of acoustic design -- Flexibility in acoustic design -- Lighting public spaces -- Bringing the new to old theaters -- Organization : process and team -- The business and art of theater management. | |
| 650 | 0 | _aTheater architecture. | |
| 650 | 0 |
_aTheaters _xDesigns and plans. |
|
| 650 | 0 |
_aCenters for the performing arts _xDesigns and plans. |
|
| 856 | 4 | 2 |
_3Publisher description _uhttp://www.loc.gov/catdir/enhancements/fy0622/2005010712-d.html |
| 856 | 4 | 1 |
_3Table of contents only _uhttp://www.loc.gov/catdir/enhancements/fy0653/2005010712-t.html |
| 856 | 4 | 2 |
_3Contributor biographical information _uhttp://www.loc.gov/catdir/enhancements/fy0653/2005010712-b.html |
| 906 |
_a7 _bcbc _corignew _d1 _eecip _f20 _gy-gencatlg |
||
| 942 |
_2lcc _cBOOKS _hNA6821 .H227 2006 _k34808 |
||